000 00264nam a2200121Ia 4500
008 190216s9999||||xx |||||||||||||| ||und||
100 _aNull
245 0 _aVidyarthi Tables
260 _bVidyarthimithram
_c1990
300 _a93p
650 _aPhysics
942 _cBK
999 _c33179
_d33179